000 00885nas a2200265 4500
001 BR7807467
003 BR-BrBNA
005 20231205083557.0
007 ta
008 230509b bl.|||p| |||| 00| 00por d
040 _aBR-BrBNA
_bpor
_cBiblioteca Nacional de Agricultura
041 _a(Pt)
072 _aF28; P00
100 1 _aGriffith, J.J.
100 1 _aCandido, J.F.
111 1 _a3. Congresso Florestal Brasileiro
_cManaus, AM (Brazil)
_d4 Dec 1978
245 1 _aRecuperacao de superficies mineradas de Bauxita em Pocos de Caldas, Minas Gerais [Brasil]
_bAnais do 3. Congresso Florestal Brasileiro - v. 2
650 _aRECUPERACAO DO SOLO
650 _aSOLO
650 _aMINERAL
650 _aMINAS GERAIS
773 0 _tSilvicultura (Brazil)
_xISSN 0100-3615
_g(1978), (no. 14) p. 321-323
_wBR7807467
909 _a202311
_bLúcia
_c55
_dLúcia Elande
942 _2AGRIS
_n0
_cANA
999 _c99801
_d99801